00470nam a2200169Ia 4500003000900000008004100009040001300050040001300063041000800076100002400084245014200108260001400250260000900264300001100273300001000284490000600294IT-RoPAU120407s9999 xx 000 0 und d aIT-RoPAU cIT-RoPAU aita aFerdinando Castelli aSei profeti per il nostro tempo. Volti dell’umanesimo contemporaneo (Dostoevskij, Nietzsche, Péguy, Pirandello, de Unamuno, Teilhard) aDehoniane c1972 a393 p. c21 cm v1